The new China : (Record no. 3830)
[ view plain ]
| 000 -LEADER | |
|---|---|
| fixed length control field | 01179cam a2200325 a 4500 |
| 001 - CONTROL NUMBER | |
| control field | 3830 |
| 003 - CONTROL NUMBER IDENTIFIER | |
| rucl marc code | BD-RjUL |
| 005 - DATE AND TIME OF LATEST TRANSACTION | |
| control field | 20211208233805.0 |
| 008 - FIXED-LENGTH DATA ELEMENTS--GENERAL INFORMATION | |
| fixed length control field | 131221s1987 cau b 001 0 eng |
| 020 ## - INTERNATIONAL STANDARD BOOK NUMBER | |
| International Standard Book Number | 0936488158 (pbk. : alk. paper) |
| International Standard Book Number | 0813305195 (Westview : hard : alk. paper) |
| 035 ## - SYSTEM CONTROL NUMBER | |
| System control number | (BD-RjUL)3864 |
| 040 ## - CATALOGING SOURCE | |
| Original cataloging agency | DLC |
| Transcribing agency | DLC |
| Modifying agency | DLC |
| -- | BD-RjUL |
| Language of cataloging | eng |
| 041 ## - LANGUAGE CODE | |
| Language code of text/sound track or separate title | eng |
| 082 00 - DEWEY DECIMAL CLASSIFICATION NUMBER | |
| Classification number | 338.951 |
| Edition number | 19 |
| Author mark and year | RAN 1987 |
| 100 1# - MAIN ENTRY--PERSONAL NAME | |
| Personal name | Rabushka, Alvin. |
| 9 (RLIN) | 12193 |
| 245 14 - TITLE STATEMENT | |
| Title | The new China : |
| Remainder of title | comparative economic development in Mainland China, Taiwan, and Hong Kong / |
| Statement of responsibility, etc. | Alvin Rabushka. |
| 260 ## - PUBLICATION, DISTRIBUTION, ETC. (IMPRINT) | |
| Place of publication, distribution, etc. | San Francisco : |
| Name of publisher, distributor, etc. | Pacific Research Institute for Public Policy ; |
| Place of publication, distribution, etc. | Boulder, Colo. : |
| Name of publisher, distributor, etc. | Westview Press, |
| Date of publication, distribution, etc. | 1987. |
| 300 ## - PHYSICAL DESCRIPTION | |
| Pagination | xii, 254 p. ; |
| Size | 23 cm. |
| 500 ## - GENERAL NOTE | |
| General note | "Ching chi fa chan"--Cover. |
| General note | Includes index. |
| 504 ## - BIBLIOGRAPHY, ETC. NOTE | |
| Bibliography, etc | Bibliography: p. 233-242. |
| 651 #0 - SUBJECT ADDED ENTRY--GEOGRAPHIC NAME | |
| Geographic name | China |
| General subdivision | Economic policy |
| Chronological subdivision | 1976-2000. |
| 9 (RLIN) | 12194 |
| Geographic name | Taiwan |
| General subdivision | Economic policy |
| Chronological subdivision | 1975- |
| 9 (RLIN) | 12195 |
| Geographic name | Hong Kong (China) |
| General subdivision | Economic policy. |
| 9 (RLIN) | 12196 |
| 710 2# - ADDED ENTRY--CORPORATE NAME | |
| Corporate name or jurisdiction name as entry element | Pacific Research Institute for Public Policy. |
| 9 (RLIN) | 12197 |
| 942 ## - ADDED ENTRY ELEMENTS (KOHA) | |
| Source of classification or shelving scheme | Dewey Decimal Classification |
| Koha item type | Books |
| Lost status | Source of classification or shelving scheme | Damaged status | Not for loan | Collection code | Permanent Location | Current Location | Shelving location | Date acquired | Source of acquisition | Total Checkouts | Full call number | Date last seen | Copy number | Koha item type |
|---|---|---|---|---|---|---|---|---|---|---|---|---|---|---|
| Dewey Decimal Classification | Not For Loan | Non-fiction | Central Library, University of Rajshahi | Central Library, University of Rajshahi | Reading Room | 09/09/1993 | Asia Foundation | 338.951 RAN 1987 | 21/12/2013 | C-1 | Books |